Penawaran dan permintaan penginapan bilik hotel

Bibliographic Details
Main Author: Dzarifa Ahmad
Format: Book
Language:Malay
Published: Selangor : National Institute of Valuation(INSPEN)
Subjects:

MARC

LEADER 00000cam a2200000 7i4500
001 0000024955
005 20131031.0
008 131007s my # may
040 |a INS 
090 0 0 |a KK411 
100 1 |a Dzarifa Ahmad 
245 1 0 |a Penawaran dan permintaan penginapan bilik hotel   |c Dzarifa Ahmad 
260 |a Selangor :   |b National Institute of Valuation(INSPEN) 
300 |a i, 22ms. ;   |c 25cm. 
650 0 |a Hotels   |x Valuation 
999 |a KK00000893   |b BOOK   |c Course Notes   |e Default branch 
999 |a KK00000894   |b BOOK   |c Project papers   |e Default branch 
999 |a KK00000895   |b BOOK   |c Course Notes   |e Default branch 
999 |a KK00000896   |b BOOK   |c Course Notes   |e Default branch 
999 |a KK00000897   |b BOOK   |c Course Notes   |e Default branch